| 000 | 00716nam a2200241Ia 4500 | ||
|---|---|---|---|
| 003 | OSt | ||
| 005 | 20220924114136.0 | ||
| 006 | a|||||r|||| 00| 0 | ||
| 007 | ta | ||
| 008 | 220923b |||||||| |||| 00| 0 hin d | ||
| 024 | _a59102 | ||
| 037 | _cTextual | ||
| 040 |
_aARTS _cARTS _bhin |
||
| 041 |
_2hin _ahin |
||
| 082 | _aQ14:22, 152L7 (P15) | ||
| 100 |
_aTrivedi Kshemkaran Das comm _9172080 |
||
| 245 | 0 | _aGopath Brahman Bhashyam ed by Prajna Devi and Medha Devi | |
| 260 |
_aAllahabad _bAtharvaveda Bhashya karyalaya _c1977 |
||
| 300 |
_a557p. _ccm. |
||
| 650 | _aRELIGION | ||
| 942 |
_hQ14:22, 152L7 (P15) _cTEXL _2CC |
||
| 999 |
_c392118 _d392118 |
||